Nouveau cours pratique, analytique, théorique et synthétique de langue anglaise. (Record no. 163624)
[ view plain ]
| 000 -LEADER | |
|---|---|
| campo de control de longitud fija | 00760nam a22001815i 4500 |
| 001 - NÚMERO DE CONTROL | |
| campo de control | 163624 |
| 003 - IDENTIFICADOR DE NÚMERO DE CONTROL | |
| campo de control | ES-MaACL |
| 005 - FECHA Y HORA DE LA ÚLTIMA TRANSACCIÓN | |
| campo de control | 20230906212758.0 |
| 008 - DATOS DE LONGITUD FIJA--INFORMACIÓN GENERAL | |
| campo de control de longitud fija | 050715s1848 fr | |||||||| ||fre d |
| 040 ## - FUENTE DE CATALOGACIÓN | |
| Centro catalogador/agencia de origen | CAM |
| Lengua de catalogación | spa |
| Centro/agencia transcriptor | CAM |
| 100 1# - ENTRADA PRINCIPAL--NOMBRE DE PERSONA | |
| Nombre de persona | Robertson, Theodore. |
| 9 (RLIN) | 131889 |
| 245 10 - MENCIÓN DEL TÍTULO | |
| Título | Nouveau cours pratique, analytique, théorique et synthétique de langue anglaise. |
| Número de parte o sección de la obra | Deuxième partie / |
| Mención de responsabilidad, etc. | par T. Robertson. |
| 260 ## - PUBLICACIÓN, DISTRIBUCIÓN, ETC. | |
| Lugar de publicación, distribución, etc. | Paris : |
| Nombre del editor, distribuidor, etc. | A. Derache, |
| Fecha de publicación, distribución, etc. | 1848 ( |
| Fabricante | Imprimerie Bonaventure et Ducessois) |
| 300 ## - DESCRIPCIÓN FÍSICA | |
| Extensión | 247, 30 p. ; |
| Dimensiones | 21 cm. |
| 500 ## - NOTA GENERAL | |
| Nota general | Las 30 p. son: "Clef des exercices de composition contenus dans la deuxième partie" |
| 650 04 - PUNTO DE ACCESO ADICIONAL DE MATERIA--TÉRMINO DE MATERIA | |
| Término de materia o nombre geográfico como elemento de entrada | Lengua inglesa- |
| Subdivisión de forma | Métodos. |
| 9 (RLIN) | 14282 |
| 852 ## - LOCALIZACIÓN | |
| Ubicación | ES-MaACL |
| Número de control de estantería | C-3786(2) |
| Nota libre | -- Enc. pasta española |
| -- | .- Legado M. de La Fuente |
| Estatus retirado | Estado de pérdida | Estado de daño | No para préstamo | Colección | Biblioteca de origen | Biblioteca actual | Ubicación en estantería | Fecha de adquisición | Fuente de adquisición | Total de préstamos | Signatura topográfica completa | Código de barras | Visto por última vez | Precio de reemplazo | Tipo de ítem Koha |
|---|---|---|---|---|---|---|---|---|---|---|---|---|---|---|---|
| Libros del s. XIX | Biblioteca del Ateneo de Madrid | Biblioteca del Ateneo de Madrid | Depósito 2 | 17/01/2008 | C-3786(2) | 1171466 | 23/02/2023 | 23/02/2023 | Libro impreso antiguo |
